Statistics for Australia's Best Cricketers Since The Last Decade

Click here to take the quiz!

General Stats

  • This quiz has been taken 282 times
  • The average score is 6 of 15

Answer Stats

Hint Answer % Correct
BatsmenRicky Ponting
83%
BowlerShane Warne
76%
BatsmenMichael Clarke
67%
BowlerMitchell Johnson
57%
All-RounderShane Watson
53%
BowlerBrett Lee
52%
WicketkeeperBrad Haddin
52%
BatsmenDavid Warner
45%
BowlerPeter Siddle
30%
BowlerNathan Hauritz
11%
BatsmenChris Rogers
11%
BowlerJames Pattinson
9%
BowlerAshton Agar
8%
BatsmenEd Cowan
7%
BatsmenUsman Khajawa
0%

Score Distribution

Percentile by Number Answered

Percent of People with Each Score

Your Score History

You have not taken this quiz